• 首页
  • 本馆介绍
  • 公告通知
  • 最新文献
  • 馆藏检索
  • 电子资源
  • 读者导购
  • 参考咨询
  • 我的图书馆
  • 登录
  • 详细信息显示
  • 放入我的书架
  • 预约/预借图书
  • 作者相关作品
  • 分类相关作品
  • 丛书相关作品
  • 出版社相关作品

书目信息

  • 表格格式
  • 工作单格式
  • 卡片格式
题名:
蔡元培讲中国伦理学史
    
 
作者: 蔡元培 著
分册:  
出版信息: 北京   团结出版社  2019
页数: 265页
开本: 22cm
丛书名: 大师讲堂美学经典
单 册:
中图分类: B82-092
科图分类:
主题词: 伦理学史--lun li xue shi--研究--中国--古代
电子资源:
ISBN: 978-7-5126-4346-8
000 01132oam2 2200253 450
001 2153123322
005 20211018173724.0
010    @a978-7-5126-4346-8@b精装@dCNY69.80
100    @a20190508d2019 em y0chiy50 ea
101 0  @achi
102    @aCN@b110000
105    @ay z 000yy
106    @ar
200 1  @a蔡元培讲中国伦理学史@Acai yuan pei jiang zhong guo lun li xue shi@f蔡元培著
210    @a北京@c团结出版社@d2019
215    @a265页@d22cm
225 2  @a大师讲堂美学经典@Ada shi jiang tang mei xue jing dian
330    @a全书分绪论、先秦创史时代、汉唐继承时代、宋明理学时代四大部分32章,系统地介绍了我国古代伦理学界重要的流派及主要代表人物,并阐述了各家学说的要点、源流及发展。《蔡元培:中国伦理学史(民国时期影响国人的大师著作)》是第一部系统整理和研究中国古代伦理思想发生、发展及其变迁的学术著作,阐述了从孔子到王阳明28位思想家的伦理思想,附录中列叙了戴震、黄宗羲、俞正燮三人的道德学说。
461  0 @12001 @a大师讲堂美学经典
606 0  @a伦理学史@Alun li xue shi@x研究@y中国@z古代
690    @aB82-092@v5
701  0 @a蔡元培@Acai yuan pei@4著
801  0 @aCN@b百万庄@c20211018
905    @b1310712-15@dB82-092@e1885@f4
    
    蔡元培讲中国伦理学史/蔡元培著.-北京:团结出版社,2019
    265页;22cm.-(大师讲堂美学经典)
    
    
    ISBN 978-7-5126-4346-8(精装):CNY69.80
    全书分绪论、先秦创史时代、汉唐继承时代、宋明理学时代四大部分32章,系统地介绍了我国古代伦理学界重要的流派及主要代表人物,并阐述了各家学说的要点、源流及发展。《蔡元培:中国伦理学史(民国时期影响国人的大师著作)》是第一部系统整理和研究中国古代伦理思想发生、发展及其变迁的学术著作,阐述了从孔子到王阳明28位思想家的伦理思想,附录中列叙了戴震、黄宗羲、俞正燮三人的道德学说。
●
相关链接 在E读中查询图书 在五车中查询图书 在当当中查询图书 在豆瓣中查询图书


正题名:蔡元培讲中国伦理学史     索取号:B82-092/1885         预约/预借

序号 登录号 条形码 馆藏地/架位号 状态 备注
1 1310712   213107127   第一样本阅览室/ [索取号:B82-092/1885] 在馆    
2 1310713   213107136   第一借阅区/ [索取号:B82-092/1885] 在馆    
3 1310714   213107145   第一借阅区/ [索取号:B82-092/1885] 在馆    
4 1310715   213107154   第一借阅区/ [索取号:B82-092/1885] 在馆    
唐山师范学院图书馆 欢迎您!
大连网信软件有限公司© 版权所有